The Shield of Achilles : (Record no. 616187)

MARC details
000 -LEADER
fixed length control field 00479nam a2200193 a 4500
001 - CONTROL NUMBER
control field 1772278426065
003 - CONTROL NUMBER IDENTIFIER
control field YourLibrary
005 - DATE AND TIME OF LATEST TRANSACTION
control field 20260228174150.0
008 - FIXED-LENGTH DATA ELEMENTS--GENERAL INFORMATION
fixed length control field 260228s2003##################000#0#eng##
020 ## - INTERNATIONAL STANDARD BOOK NUMBER
International Standard Book Number 9.78014E+12
082 04 - DEWEY DECIMAL CLASSIFICATION NUMBER
Classification number 327
Item number BOB
040 ## - CATALOGING SOURCE
Original cataloging agency YourLibrary
Language of cataloging eng
Transcribing agency YourLibrary
100 1# - MAIN ENTRY--PERSONAL NAME
Personal name Bobbitt, Philip,
Relator term author.
245 10 - TITLE STATEMENT
Title The Shield of Achilles :
260 ## - PUBLICATION, DISTRIBUTION, ETC.
Name of publisher, distributor, etc. ePenguin,
Date of publication, distribution, etc. 2003.
300 ## - PHYSICAL DESCRIPTION
Extent 968 pages
650 #0 - SUBJECT ADDED ENTRY--TOPICAL TERM
Topical term or geographic name entry element History.
942 ## - ADDED ENTRY ELEMENTS (KOHA)
Koha item type English Books
Holdings
Withdrawn status Lost status Damaged status Not for loan Home library Current library Shelving location Date acquired Total Checkouts Full call number Barcode Date last seen Price effective from Koha item type
        Anna Centenary Library Anna Centenary Library 3RD FLOOR, B WING 28.02.2026   327 BOB 415548 28.02.2026 28.02.2026 English Books

Find us on the map